000 00852nam a2200241Ii 4500
003 JO-AjNU
008 230605s9999||||xx |||||||||||||| ||und||
017 _a2014/7/3523
020 _a978-9957-94-126-0
040 _aJO-AjNU
_bara
_erda
_cJO-AjNU
041 _aara
050 1 4 _aHQ2037.S28 2014
100 3 _aتأليف: السعودي، خالد عطية,
_eauthor
_948312
245 0 0 _aمهارات الحياة: اضاءات في مسيرة التميز والابداع
250 _aط1
264 3 1 _aعمان: وزارة الثقافة، 2014
300 _a214ص
_bيحتوي على ببلوغرافيا من ص 209-ص214
336 _atext
_btxt
_2rdacontent
337 _aunmediated
_bn
_2rdamedia
338 _avolume
_bnc
_2rdacarrier
490 0 _aدراسات
650 4 _aالنجاح الشخصي - جوانب نفسية
_948313
999 _aA21149
_c24717
_d24717